000 01041nam a22003017a 4500
001 7536
003 FISKH
005 20250723141220.0
008 250723b cb ||||| |||| 00| 0 eng d
020 _a9780170096508
040 _aFISKH
_beng
_cFISKH
_dFISKH
050 _aPZ7
082 _a428.6
100 _aGile, Jenny
245 _aThe fire on toytown hill /
_cStory by Jenny Gile ; Illustrations by Richard Hoit
250 _aThis edition first published in 2001
260 _aSouthbank :
_bPM plus,
_c2001
300 _a16 pages :
_bcolor illustrations ;
_c15 x 19 cm
505 _aG
520 _aThe Toytown fire engine is returning to the garage when it sees a fire up on a hill. When it realises that it can't put the fire out by itself, the fire engine radios the Toytown helicopter for assistance.
521 8 _a370
_bLexile
521 8 _aG
_bRaz-Plus
650 _2Community helpers
_aRigby
650 _2Fiction
_aLevel 10
700 _aHoit, Richard
_dillustrator
942 _2ddc
_cBK
_n0
999 _c7536
_d7536